00571nam a2200145 a 45000010005000000030009000050080041000140400028000550820014000832450040000972600029001373000009001665000214001756500036003891638CO-ViMGA141112s2004 ck r 000 u spa d aCO-ViMGAbspacCO-ViMGA04aR809 H47710aHistoria universal de la literatura aNavarra : bOrbi, c1990 a10 v aContenido : V.1 y 2, De la antiguedad al renacimiento; V.3 y 4, Del renacimiento al clasicismo; V.5 y 6, Del clasicismo al romanticismo; V.7 y 8, La literatura del siglo XIX; V.9 y 10, La literatura moderna. 14aLITERATURA UNIVERSAL - HISTORIA